00430 2200169 4500001002100000005001500021035002000036245004600056100001700102250001700119300002900136260003300165082001000198084001600208020002200224650001400246INLIS00000000000051820240816050603 a0010-08240000361 aBertanam Anggur Dalam Pot /cPirno Suwito0 aPirno Suwito acetakan ke-1 aiv, 42 hlm :b- ;c21 cm aJakarta :bAzka Press,c2007 a634.8 a634.8 PIR b a978-979-121-145-1 4aPertanian